000 00571nam a22002057a 4500
003 OSt
008 251230b |||||||| |||| 00| 0 eng d
082 _a632.4
_bN70I
100 _aNongkynrih, H. R.
245 _aInvestigations on Wilt Disease of Pea (Pisum sativum f.) Caused by Fusarium oxysporum f. sp. pisi (Linf) Snyder and Hansen.
260 _a.- Pusa, Samastipur
_b: RAU
_c, 1980
300 _a69p.
502 _bM. Sc.
650 _aPlant Pathology
650 _aPea
650 _aWilt Disease
650 _aThesis
650 _aM. Sc.
942 _2ddc
_cT
999 _c49748
_d49748